The Commons and their speakers in English parliaments, 1376-1523 /

Bibliographic Details
Main Author: Roskell, John Smith
Format: Book
Language:English
Published: [Manchester, England] : Manchester University Press, [1965]
Series:Etudes présentées à la Commission internationale pour l'histoire des assemblées d'Etats ; 28.
Subjects:

MARC

Tag First Indicator Second Indicator Subfields
LEADER 00000cam a2200000 4500
001 in00000201708
005 20151009064739.0
008 720321s1965 enk b 00010 eng d
035 |a (OCoLC)00268504 
035 |9 AAY2753AM 
040 |c YNG  |d TXA  |d UtOrBLW 
049 |a TXAM  |c [468354] 
082 0 |a 328.4209 
090 |a JN678  |b .R6 1965a 
100 1 |a Roskell, John Smith. 
245 1 4 |a The Commons and their speakers in English parliaments, 1376-1523 /  |c by J.S. Roskell. 
264 1 |a [Manchester, England] :  |b Manchester University Press,  |c [1965] 
264 4 |c [©1965] 
300 |a ix, 390 pages ;  |c 23 cm. 
336 |a text  |b txt  |2 rdacontent 
337 |a unmediated  |b n  |2 rdamedia 
338 |a volume  |b nc  |2 rdacarrier 
490 1 |a [Studies] presented to the International Commission for the History of Representative and Parliamentary Institutions, no. 28 
504 |a Bibliographical footnotes. 
610 1 0 |a Great Britain Parliament.  |b House of Commons.  |b Speaker  |x History. 
610 1 0 |a Great Britain.  |b Parliament.  |b House of Commons  |x History. 
830 0 |a Etudes présentées à la Commission internationale pour l'histoire des assemblées d'Etats ;  |v 28. 
999 |a MARS 
999 f f |s 6e480ccb-1187-33d8-af37-08d0d85cb673  |i 3814935a-97e1-37e0-8bdc-443b7d0d7dae  |t 0 
952 f f |p ric  |a Texas A&M University  |b Rellis Campus  |c Joint Library Facility  |d Remote Storage  |t 0  |e JN678 .R6 1965a  |h Library of Congress classification  |i unmediated -- volume  |m A14803112861 
998 f f |a JN678 .R6 1965a  |t 0  |l Remote Storage